[Event "IECC CL7-2009.01 email"]
[Site "IECC email"]
[Date "2009.01.25"]
[Round "?"]
[White "Schmidt, Michael"]
[Black "Legler, Derek"]
[Result "1-0"]
[WhiteElo "1048"]
[BlackElo "1102"]
[PlyCount "51"]
[EventDate "2009.??.??"]
[EventType "tourn (corr)"]
[EventRounds "4"]
[SourceTitle "Corr 2011"]
[Source "ChessBase"]
[SourceDate "2010.08.31"]
[SourceVersion "1"]
[SourceVersionDate "2010.08.31"]
[SourceQuality "1"]
[WhiteTeam "Germany"]
[BlackTeam "US of America"]
[WhiteTeamCountry "GER"]
[BlackTeamCountry "USA"]

1. e4 c5 2. Nf3 Nc6 3. d4 cxd4 4. Nxd4 g6 5. c4 Bg7 6. Be3 Nf6 7. Nc3 0-0 8. Be2 d6 9. 0-0 Bd7 10. Qd2 a6 11. f3 Qc7 12. Rac1 Nxd4 13. Bxd4 Qa5 14. a3 b5 15. cxb5 axb5 16. e5 Nd5 17. b4 Qxa3 18. Nxd5 dxe5 19. Nxe7+ Kh8 20. Bc5 Rfd8 21. Rfd1 Bf8 22. Nxg6+ fxg6 23. Bxf8 Be6 24. Qg5 Rxd1+ 25. Rxd1 Rxf8 26. Qxe5+ 1-0

[Event "FICGS class D 000113 email"]
[Site "FICGS email"]
[Date "2009.01.18"]
[Round "1"]
[White "Martinez Camacho, Victor Hugo"]
[Black "Schmidt, Michael"]
[Result "1-0"]
[WhiteElo "1508"]
[BlackElo "1569"]
[PlyCount "67"]
[EventDate "2009.??.??"]
[EventType "tourn (corr)"]
[EventRounds "6"]
[SourceTitle "Corr 2022"]
[Source "ChessBase"]
[SourceDate "2021.10.24"]
[SourceVersion "1"]
[SourceVersionDate "2021.10.24"]
[SourceQuality "1"]

1. e4 e5 2. Nf3 Nc6 3. Bb5 a6 4. Ba4 Nf6 5. 0-0 Be7 6. Re1 b5 7. Bb3 d6 8. h3 0-0 9. c3 Bb7 10. d3 Nb8 11. Bg5 h6 12. Bh4 Nh5 13. Bxe7 Qxe7 14. Nbd2 Nf4 15. Nf1 Nd7 16. Ng3 g6 17. Nh2 Nc5 18. Bc2 d5 19. d4 Nd7 20. exd5 Bxd5 21. dxe5 Nxe5 22. Qd4 Qg5 23. Qxe5 Qxe5 24. Rxe5 c6 25. Nf3 Bxf3 26. gxf3 Nxh3+ 27. Kf1 Rfe8 28. Rae1 Kf8 29. Rxe8+ Rxe8 30. Rxe8+ Kxe8 31. b4 Kd7 32. Ne2 f5 33. Kg2 Ng5 34. Nf4 1-0

[Event "FICGS class D 000082 email"]
[Site "FICGS email"]
[Date "2008.03.11"]
[Round "1"]
[White "Kis Kos, Laszlo"]
[Black "Schmidt, Michael"]
[Result "1-0"]
[WhiteElo "1597"]
[BlackElo "1800"]
[PlyCount "67"]
[EventDate "2008.??.??"]
[EventType "tourn (corr)"]
[EventRounds "6"]
[SourceTitle "Corr 2022"]
[Source "ChessBase"]
[SourceDate "2021.10.24"]
[SourceVersion "1"]
[SourceVersionDate "2021.10.24"]
[SourceQuality "1"]

1. e4 e5 2. Nf3 Nc6 3. Bb5 a6 4. Ba4 Nf6 5. 0-0 Nxe4 6. d4 b5 7. Bb3 d5 8. dxe5 Be6 9. Be3 Be7 10. c3 Qd7 11. Nbd2 Rd8 12. Re1 0-0 13. Bc2 Nxd2 14. Qxd2 Bf5 15. Nd4 Bxc2 16. Qxc2 Rfe8 17. f4 Bc5 18. Rad1 Bxd4 19. cxd4 Nb4 20. Qc3 a5 21. a3 Nc6 22. Rc1 Re6 23. f5 Ree8 24. Qxc6 Qxf5 25. Qxc7 Rd7 26. Qxa5 h6 27. Qxb5 Red8 28. b4 f6 29. exf6 Qxf6 30. a4 Qd6 31. Rc6 Qf8 32. Rc8 Rd6 33. Rxd8 Rxd8 34. a5 1-0

[Event "FICGS rapid B 000086 email"]
[Site "FICGS email"]
[Date "2008.03.11"]
[Round "1"]
[White "Schmidt, Michael"]
[Black "De Waele, Willy"]
[Result "0-1"]
[WhiteElo "1800"]
[BlackElo "1620"]
[PlyCount "56"]
[EventDate "2008.??.??"]
[EventType "tourn (rapid)"]
[EventRounds "6"]
[SourceTitle "Corr 2022"]
[Source "ChessBase"]
[SourceDate "2021.10.24"]
[SourceVersion "1"]
[SourceVersionDate "2021.10.24"]
[SourceQuality "1"]

1. e4 c5 2. Nf3 d6 3. d4 cxd4 4. Nxd4 Nf6 5. Nc3 a6 6. Be3 e6 7. g4 h6 8. f4 Nc6 9. h3 Qc7 10. Qe2 Nxd4 11. Bxd4 e5 12. fxe5 dxe5 13. Nd5 Nxd5 14. exd5 Bd6 15. 0-0-0 0-0 16. Bc3 b5 17. Bg2 Bd7 18. Rhf1 b4 19. Bd2 a5 20. g5 hxg5 21. Bxg5 a4 22. Qh5 a3 23. bxa3 b3 24. axb3 Bxa3+ 25. Kd2 Bb4+ 26. Ke2 Qxc2+ 27. Bd2 Bxd2 28. Rxd2 Bb5+ 0-1

[Event "FICGS class D 000082 email"]
[Site "FICGS email"]
[Date "2008.03.11"]
[Round "1"]
[White "Schmidt, Michael"]
[Black "Moody, David"]
[Result "1/2-1/2"]
[WhiteElo "1800"]
[BlackElo "1417"]
[PlyCount "69"]
[EventDate "2008.??.??"]
[EventType "tourn (corr)"]
[EventRounds "6"]
[SourceTitle "Corr 2022"]
[Source "ChessBase"]
[SourceDate "2021.10.24"]
[SourceVersion "1"]
[SourceVersionDate "2021.10.24"]
[SourceQuality "1"]

1. e4 e5 2. Nf3 Nc6 3. Bb5 f5 4. Nc3 fxe4 5. Nxe4 d5 6. Nxe5 dxe4 7. Nxc6 Qd5 8. c4 Qd6 9. Nxa7+ Bd7 10. Bxd7+ Qxd7 11. Qh5+ g6 12. Qe5+ Kf7 13. Nb5 c6 14. Nc3 Re8 15. Qg3 Qd3 16. b3 Bg7 17. Bb2 Qc2 18. Qf4+ Nf6 19. Ba3 Rd8 20. Rd1 Qd3 21. Qc7+ Rd7 22. Qf4 Rhd8 23. Bb4 Kg8 24. Na4 Qc2 25. Nc5 Rf7 26. Ne6 Nd5 27. Qh4 Nxb4 28. Qxd8+ Rf8 29. Nxf8 Nd3+ 30. Ke2 Nf4+ 31. Ke3 Nxg2+ 32. Ke2 Nf4+ 33. Ke3 Ng2+ 34. Ke2 Nf4+ 35. Ke3 1/2-1/2

[Event "FICGS rapid B 000086 email"]
[Site "FICGS email"]
[Date "2008.03.11"]
[Round "1"]
[White "Schmidt, Michael"]
[Black "Moody, David"]
[Result "0-1"]
[WhiteElo "1800"]
[BlackElo "1417"]
[PlyCount "36"]
[EventDate "2008.??.??"]
[EventType "tourn (rapid)"]
[EventRounds "6"]
[SourceTitle "Corr 2022"]
[Source "ChessBase"]
[SourceDate "2021.10.24"]
[SourceVersion "1"]
[SourceVersionDate "2021.10.24"]
[SourceQuality "1"]

1. e4 e5 2. Nf3 Nc6 3. Bb5 f5 4. Nc3 fxe4 5. Nxe4 Nf6 6. Nxf6+ Qxf6 7. 0-0 Be7 8. Bxc6 dxc6 9. Qe1 0-0 10. d3 Bd6 11. Bd2 Bg4 12. Ng5 h6 13. Ne4 Qg6 14. Nxd6 Bf3 15. g3 Qe6 16. Nc4 Qh3 17. Ne3 Rf5 18. g4 Rf4 0-1

[Event "FICGS rapid B 000086 email"]
[Site "FICGS email"]
[Date "2008.03.11"]
[Round "1"]
[White "Trokenheim, Marek"]
[Black "Schmidt, Michael"]
[Result "1-0"]
[WhiteElo "1800"]
[BlackElo "1800"]
[PlyCount "65"]
[EventDate "2008.??.??"]
[EventType "tourn (rapid)"]
[EventRounds "6"]
[SourceTitle "Corr 2022"]
[Source "ChessBase"]
[SourceDate "2021.10.24"]
[SourceVersion "1"]
[SourceVersionDate "2021.10.24"]
[SourceQuality "1"]

1. b4 e5 2. Bb2 Bxb4 3. f4 d6 4. a3 Bc5 5. fxe5 dxe5 6. Bxe5 f6 7. Bc3 Bg4 8. Nf3 Ne7 9. e3 Nd5 10. Bb2 0-0 11. c4 Nb6 12. d4 Be7 13. c5 Nd5 14. Qb3 c6 15. e4 Bxf3 16. gxf3 Kh8 17. exd5 Qxd5 18. Qxd5 cxd5 19. Nc3 Rd8 20. 0-0-0 Nc6 21. f4 Na5 22. Bg2 Nc4 23. Nxd5 Re8 24. Nc7 Nxb2 25. Kxb2 Rab8 26. Nxe8 Rxe8 27. Rhe1 Kg8 28. Bxb7 Kf8 29. Rb1 Bd8 30. Rxe8+ Kxe8 31. Bc6+ Kf7 32. Kc3 g5 33. Rb7+ 1-0

[Event "Oberliga Sued W 0607"]
[Site "Germany"]
[Date "2007.02.04"]
[Round "6.8"]
[White "Haag, Guenter"]
[Black "Schmidt, Michael"]
[Result "1-0"]
[WhiteElo "2051"]
[BlackElo "2186"]
[PlyCount "57"]
[EventDate "2006.10.15"]
[EventType "team-tourn"]
[EventRounds "9"]
[EventCountry "GER"]
[SourceTitle "EXT 2009"]
[Source "ChessBase"]
[SourceDate "2008.11.26"]
[SourceVersion "1"]
[SourceVersionDate "2008.11.26"]
[SourceQuality "1"]
[WhiteTeam "Schwarzenbach"]
[BlackTeam "Illingen"]
[WhiteTeamCountry "GER"]
[BlackTeamCountry "GER"]

1. e4 d5 2. Nc3 d4 3. Nce2 c5 4. Ng3 Nc6 5. f4 g6 6. Bc4 Bg7 7. Nf3 Nf6 8. Ne5 Nxe5 9. fxe5 Bg4 10. exf6 Bxd1 11. fxg7 Kd7 12. gxh8Q Qxh8 13. Kxd1 h5 14. Rf1 h4 15. Nh1 Qe5 16. g3 Qxe4 17. a4 Rh8 18. Ra3 f5 19. Raf3 e5 20. h3 a6 21. a5 hxg3 22. Rxg3 Qh4 23. Rfg1 e4 24. Rxg6 Qxh3 25. Ng3 Re8 26. Bf1 Qh2 27. Nxf5 Rf8 28. R6g2 Qh3 29. Rg7+ 1-0

[Event "Berlin Eckbauer op 09th"]
[Site "Berlin"]
[Date "2006.11.06"]
[Round "5"]
[White "Schilly, Hans Joachim"]
[Black "Schmidt, Michael"]
[Result "1-0"]
[WhiteElo "1749"]
[BlackElo "1619"]
[PlyCount "58"]
[EventDate "2006.10.09"]
[EventType "swiss"]
[EventRounds "7"]
[EventCountry "GER"]
[SourceTitle "EXT 2022"]
[Source "ChessBase"]
[SourceDate "2021.10.06"]
[SourceVersion "1"]
[SourceVersionDate "2021.10.06"]
[SourceQuality "1"]

1. c4 Nf6 2. Nc3 e6 3. e4 d6 4. d4 Be7 5. Bd3 Nbd7 6. Nge2 c5 7. d5 e5 8. 0-0 0-0 9. a3 a6 10. b4 Qe8 11. Na4 a5 12. bxc5 Nxc5 13. Nxc5 dxc5 14. f3 Bd7 15. Nc3 Ra6 16. Rb1 Qc8 17. a4 Ne8 18. Be3 Nd6 19. g4 f5 20. exf5 Nxf5 21. gxf5 Bxf5 22. Kh1 Bxd3 23. Qxd3 Qh3 24. Qe2 Rff6 25. Qg2 Rxf3 26. Qxh3 Rxh3 27. Rf8+ Kxf8 28. Re1 Bd6 29. Ne4 Be7 1-0

[Event "Oberliga Sued W 0405"]
[Site "Germany"]
[Date "2005.01.30"]
[Round "6.6"]
[White "Schlick, Volker"]
[Black "Schmidt, Michael"]
[Result "1-0"]
[WhiteElo "2236"]
[BlackElo "2063"]
[PlyCount "85"]
[EventDate "2004.10.03"]
[EventType "team-tourn"]
[EventRounds "9"]
[EventCountry "GER"]
[SourceTitle "EXT 2009"]
[Source "ChessBase"]
[SourceDate "2008.11.26"]
[SourceVersion "1"]
[SourceVersionDate "2008.11.26"]
[SourceQuality "1"]
[WhiteTeam "Koblenz 25"]
[BlackTeam "Illingen"]
[WhiteTeamCountry "GER"]
[BlackTeamCountry "GER"]

1. e4 d5 2. exd5 Qxd5 3. Nc3 Qa5 4. d4 c6 5. Nf3 Bf5 6. Bd3 Bxd3 7. Qxd3 e6 8. 0-0 Nf6 9. Bf4 Nbd7 10. a3 Be7 11. h3 Qh5 12. Rfe1 0-0 13. Rad1 Qg6 14. Qe2 Qf5 15. Bh2 Qa5 16. Ne5 Bd6 17. Bg3 Qc7 18. Rd3 Nd5 19. Qh5 Nxc3 20. Rxc3 Nf6 21. Qe2 Rad8 22. b4 a5 23. Bh4 Nd5 24. Rf3 Be7 25. Bg3 Qb6 26. Nxf7 Rxf7 27. Rxf7 Kxf7 28. Qxe6+ Kf8 29. c4 Qxd4 30. cxd5 Qf6 31. dxc6 bxc6 32. bxa5 Bxa3 33. Qxf6+ gxf6 34. Re6 c5 35. Rxf6+ Ke7 36. Rc6 Ra8 37. a6 h5 38. Kf1 Kd7 39. Rd6+ Ke7 40. h4 Ra7 41. Rh6 Ra8 42. Ke2 Bb4 43. Kd3 1-0

[Event "Oberliga Sued W 0405"]
[Site "Germany"]
[Date "2005.01.16"]
[Round "5.7"]
[White "Krieger, Hermann"]
[Black "Schmidt, Michael"]
[Result "1/2-1/2"]
[WhiteElo "2174"]
[BlackElo "2063"]
[PlyCount "75"]
[EventDate "2004.10.03"]
[EventType "team-tourn"]
[EventRounds "9"]
[EventCountry "GER"]
[SourceTitle "EXT 2009"]
[Source "ChessBase"]
[SourceDate "2008.11.26"]
[SourceVersion "1"]
[SourceVersionDate "2008.11.26"]
[SourceQuality "1"]
[WhiteTeam "Ludwigshafen"]
[BlackTeam "Illingen"]
[WhiteTeamCountry "GER"]
[BlackTeamCountry "GER"]

1. e4 d5 2. exd5 Qxd5 3. Nc3 Qa5 4. d4 Nf6 5. Bc4 c6 6. Nf3 Bf5 7. Bd2 e6 8. Qe2 Bb4 9. 0-0-0 Nd5 10. Nxd5 Bxd2+ 11. Nxd2 cxd5 12. Nb3 Qd8 13. Bb5+ Kf8 14. Qd2 Nd7 15. f3 Rc8 16. c3 a6 17. Bxd7 Qxd7 18. g4 Bg6 19. Nc5 Qb5 20. Qf4 b6 21. Qd6+ Kg8 22. Qd7 Rb8 23. Qxb5 axb5 24. Nd3 Bxd3 25. Rxd3 h5 26. g5 g6 27. Re3 Kf8 28. h4 Ke7 29. Rhe1 Kd6 30. Kd2 Rhc8 31. a3 Rb7 32. R1e2 Rbc7 33. Ke1 Rc4 34. Kf2 Ra4 35. Kg3 Rc7 36. f4 Raa7 37. Re1 Re7 38. R1e2 1/2-1/2

[Event "IECG CN.2005.0.00385 email"]
[Site "IECG email"]
[Date "2005.01.16"]
[Round "?"]
[White "Znak, Nicholas"]
[Black "Schmidt, Michael"]
[Result "1-0"]
[WhiteElo "846"]
[BlackElo "680"]
[PlyCount "103"]
[EventDate "2005.01.16"]
[EventType "tourn (corr)"]
[EventRounds "6"]
[SourceTitle "Corr 2008"]
[Source "ChessBase"]
[SourceDate "2008.06.24"]
[SourceVersion "1"]
[SourceVersionDate "2008.06.24"]
[SourceQuality "1"]

1. f4 d5 2. Nf3 g6 3. e3 Nf6 4. Be2 Bg7 5. 0-0 0-0 6. d3 c5 7. Qe1 Nc6 8. Nc3 b6 9. a3 d4 10. Nd1 Re8 11. e4 Bb7 12. Qh4 h6 13. Nf2 e6 14. h3 Nd7 15. Qxd8 Raxd8 16. Bd2 Ne7 17. Rab1 Nc6 18. b4 cxb4 19. axb4 a6 20. Kh2 Bf8 21. Rfc1 b5 22. c4 bxc4 23. dxc4 Bg7 24. e5 Ne7 25. Nxd4 Nc6 26. Nxc6 Bxc6 27. Be3 f6 28. exf6 Bxf6 29. c5 Nb8 30. Bxa6 Nxa6 31. b5 Bxb5 32. Rxb5 Nc7 33. Rb3 Nd5 34. Bd2 Kf7 35. g3 Rc8 36. Ne4 Be7 37. Rb7 Rc7 38. Rxc7 Nxc7 39. Ba5 Nd5 40. Nd6+ Bxd6 41. cxd6 Nf6 42. Rc7+ Kg8 43. d7 Nxd7 44. Rxd7 e5 45. Rd8 Rxd8 46. Bxd8 exf4 47. gxf4 Kg7 48. Kg3 Kf7 49. Kf3 Ke8 50. Bh4 Kf7 51. Ke3 Ke6 52. Ke4 1-0

[Event "DESC T0016 email"]
[Site "DESC email"]
[Date "2000.09.01"]
[Round "?"]
[White "Arndt, Stefan"]
[Black "Schmidt, Michael"]
[Result "1-0"]
[WhiteElo "2072"]
[BlackElo "1200"]
[PlyCount "47"]
[EventDate "2000.??.??"]
[EventType "tourn (corr)"]
[EventRounds "8"]
[EventCountry "GER"]
[SourceTitle "Corr 2004"]
[Source "ChessBase"]
[SourceDate "2003.04.28"]
[SourceVersion "3"]
[SourceVersionDate "2003.04.28"]
[SourceQuality "1"]

1. d4 Nf6 2. c4 c5 3. d5 b5 4. Nd2 d6 5. e4 bxc4 6. Bxc4 g6 7. b3 Bg7 8. Bb2 0-0 9. Ngf3 Nbd7 10. 0-0 Nb6 11. h3 Nxc4 12. bxc4 Rb8 13. Bc3 Ba6 14. Qa4 Qc8 15. Rfb1 Rxb1+ 16. Rxb1 e6 17. e5 Nd7 18. Ne4 Nb6 19. Rxb6 axb6 20. Nxd6 Qa8 21. dxe6 fxe6 22. Ng5 Bb7 23. Qxa8 Bxa8 24. Nxe6 1-0

[Event "DESC T0016 email"]
[Site "DESC email"]
[Date "2000.09.01"]
[Round "?"]
[White "Schmidt, Michael"]
[Black "Mueller, Martina"]
[Result "0-1"]
[WhiteElo "1200"]
[BlackElo "1200"]
[PlyCount "36"]
[EventDate "2000.??.??"]
[EventType "tourn (corr)"]
[EventRounds "8"]
[EventCountry "GER"]
[SourceTitle "Corr 2004"]
[Source "ChessBase"]
[SourceDate "2003.04.28"]
[SourceVersion "3"]
[SourceVersionDate "2003.04.28"]
[SourceQuality "1"]

1. d4 Nf6 2. c4 c5 3. d5 b5 4. cxb5 a6 5. bxa6 Bxa6 6. Nc3 d6 7. e4 Bxf1 8. Kxf1 g6 9. Nge2 Bg7 10. h3 0-0 11. Kg1 Nbd7 12. Kh2 Qa5 13. Qc2 Rfb8 14. Bd2 Qa6 15. Rhe1 Ne5 16. Nc1 Nc4 17. Nb3 Nxd2 18. Nxd2 Nd7 0-1